00989pab a2200145 454500008004000000100002600040245006700066260000900133300001300142362000800155520058600163650002200749700002200771773005000793180718b2011 xxu||||| |||| 00| 0 eng d aHayllar, Mark Richard aSocial enterprise: What is it, and how can it be strengthened? c2011 ap.17-36. aJun aThere has been a rapid growth in the social enterprise sector since the early years of the 21st century. This is evident in many countries and is widely regarded as a very positive humanitarian development, though it is not easy to explain exactly what the sector involves. Accordingly, as well as discussing definitional issues, this article draws attention to factors operating to prevent the social enterprise sector from achieving its full potential, and considers strategies that need to be followed to empower social enterprises and ensure their sustainability. - Reproduced. aSocial enterprise aWettenhall, Roger aAsia Pacific Journal of Public Administration